000 00271nam a2200097Ia 4500
008 231107s2011 xx 000 0 und d
041 _aeng
100 _aOlivo Thomos P.
245 _aBasic Blueprint Reading & Sketching
260 _aAustralia
_bDelmar Cengage Learning
_c2011
999 _c930592
_d930592